000 00432nam a2200181Ia 4500
001 2909
005 20260306144842.0
008 260306t2007||||xx |||||||||||||| ||spa||
041 _aESP
082 _a232.954
_bG51
100 _aGiussani, Luigi
_eAUT
245 0 _aEl camino a la verdad es una experiencia
260 _c2007
300 _a156 páginas :
_c23 cm.
650 _aGEN
654 _aCHU
942 _cLIB
_dJUS
_fJUS
_2ddc
_n
999 _c2909
_d2909